000
00274nam a22001217a 4500
082
_a
190 PER
100
_a
Perry, Ralph Barton
245
_a
The Approach to Philosophy
260
_a
New York
_b
Charles Scribner's Sons
300
_a
448
650
_a
Philosophy
942
_c
BK
999
_c
20103
_d
20103